Dhalgren /

Bibliographic Details
Main Author: Delany, Samuel R. (Author)
Format: Book
Language:English
Published: Boston : Gregg Press, 1977.
Series:Gregg Press science fiction series.
Subjects:

MARC

Tag First Indicator Second Indicator Subfields
LEADER 00000cam a2200000 i 4500
001 in00000653821
005 20180614093526.0
008 770913t19771974mau 000 j eng
010 |a  77013712  
035 |a (OCoLC)ocm03310909 
035 |a (OCoLC)03310909 
035 |9 ACX0660AM 
040 |a DLC  |b eng  |c DLC  |d OCL  |d BAKER  |d BTCTA  |d OCLCO  |d OCLCF  |d P4I  |d OCLCQ  |d LIBRO  |d OCLCO  |d SFR  |d OCLCQ  |d TXA 
019 |a 123158369 
020 |a 0839823967 
020 |a 9780839823964 
020 |a 9780375706684 
020 |a 0375706682 
035 |a (OCoLC)3310909  |z (OCoLC)123158369 
050 1 0 |a PZ4.D338  |b Dh 1977  |a PS3554.E437 
082 0 0 |a 813/.5/4 
090 |a PS3554.E437  |b D4 1977 
049 |a TXAM 
049 |a TXAM [Also in] [Sp Coll]  |c 1 [1499114]  |a TXAS  |c 2 [1100881] 
100 1 |a Delany, Samuel R.,  |e author. 
245 1 0 |a Dhalgren /  |c Samuel R. Delany ; with a new introduction by Jean Mark Gawron. 
264 1 |a Boston :  |b Gregg Press,  |c 1977. 
264 4 |c © 1974 
300 |a xliii, 879 pages ;  |c 22 cm. 
336 |a text  |b txt  |2 rdacontent 
337 |a unmediated  |b n  |2 rdamedia 
338 |a volume  |b nc  |2 rdacarrier 
490 1 |a The Gregg Press science fiction series 
500 |a Reprint of the ed. published by Bantam Books, New York in 1975. 
505 0 |a Prism, mirror, lens -- The ruins of morning -- House of the ax -- In time of plague -- Creatures of light and darkness -- Palimsest -- The anathemata: a plague journal. 
500 |a The Cushing Library/Women & Gender Studies copy was acquired as part of The Don Kelly Research Collection of Gay Literature and Culture.  |5 TXA 
500 |a The Cushing Library/Women & Gender Studies copy is inscribed by the author.  |5 TXA 
650 0 |a City and town life  |v Fiction. 
650 7 |a City and town life.  |2 fast  |0 (OCoLC)fst00862081 
655 7 |a Fiction.  |2 fast  |0 (OCoLC)fst01423787 
655 7 |a Science fiction.  |2 gsafd 
655 7 |a Science fiction.  |2 lcgft 
655 7 |a Short stories.  |2 lcgft 
700 1 |a Gawron, Jean Mark,  |e writer of introduction. 
830 0 |a Gregg Press science fiction series. 
994 |a C0  |b TXA 
948 |a updated  |b h  |c 2018/6/13  |d o  |e nbehmer  |f 1:43:41 pm 
999 f f |s 4750b280-54e8-34f1-9a9e-a965ee71dff6  |i 7d46c67e-eb91-3f01-9734-43087ba75481  |t 0 
952 f f |p normal  |a Texas A&M University  |b College Station  |c Sterling C. Evans Library  |s Evans stk  |d Evans: Library Stacks  |t 0  |e PZ4.D338 Dh 1977  |h Library of Congress classification  |i unmediated -- volume  |m A14804308847 
998 f f |a PZ4.D338 Dh 1977  |t 0  |l Evans: Library Stacks